[Event "RUS-ch U21 2019"]
[Site "Loo"]
[Date "2019.04.20"]
[Round "1.1"]
[White "Pogosyan, Stefan"]
[Black "Murzin, Volodar"]
[Result "1/2-1/2"]
[WhiteElo "2344"]
[BlackElo "2407"]
[Annotator "TA"]
[PlyCount "80"]
[EventDate "2019.04.20"]
[EventType "tourn"]
[EventCountry "RUS"]
[SourceTitle "playchess.com"]
[Source "ChessBase"]
[SourceQuality "1"]

{[%evp 20,80,16,12,15,14,16,16,17,12,23,10,10,15,10,8,7,11,8,0,0,0,0,0,0,0,8,0,7,2,8,0,0,0,0,0,0,0,0,0,0,0,0,0,0,0,0,0,0,0,0,0,8,0,0,0,8,0,0,0,10,0,0]} 1. d4 d5 2. c4 c6 3. Nf3 Nf6 4. Nc3 a6 5. cxd5 cxd5 6. Bf4 Nc6 7. e3 Bg4 8. h3 Bxf3 9. Qxf3 e6 10. Bd3 Bd6 11. Bg5 Be7 {D13: Slav Defence: Exchange variation without ...Bf5} 12. O-O (12. Bxf6 Bxf6 13. Rc1 O-O 14. O-O Rc8 15. Qd1 g6 16. f4 Be7 17. Na4 Nb4 18. Rxc8 Qxc8 19. Bb1 {½-½ (59) Prohaszka,P (2604)-Andreikin,D (2733) Abu Dhabi 2016}) 12... O-O 13. Rac1 h6 14. Bh4 Rc8 15. Qe2 Ne4 {[#] ...Nxc3 is the strong threat.The position is equal.} 16. Bxe7 Nxc3 17. Rxc3 $146 ({Predecessor:} 17. bxc3 Qxe7 18. c4 dxc4 19. Bxc4 {½-½ (65) Naumkin,I (2470)-Conquest,S (2515) Palma de Mallorca 1989}) 17... Nxe7 18. Rfc1 Qd7 19. Kf1 Rxc3 20. Rxc3 Rc8 21. Qc2 Rxc3 22. Qxc3 Kf8 23. Ke2 Ke8 24. b4 Qc6 25. Kd2 Qxc3+ 26. Kxc3 $11 {[%mdl 4096] Endgame KB-KN} Kd7 27. h4 g5 28. hxg5 hxg5 29. a4 Nc8 30. e4 dxe4 31. Bxe4 Nd6 32. Bf3 Kc7 33. g3 f6 34. Bg2 Kd7 35. Kd3 Kd8 36. Bf3 Kd7 37. Bg2 Kd8 38. Bf3 Kd7 39. Bg2 Kd8 40. Bf3 Kd7 {Accuracy: White = 55%, Black = 70%.} 1/2-1/2

[Event "RUS-ch U21 2019"]
[Site "Loo"]
[Date "2019.04.20"]
[Round "1.2"]
[White "Gaifullin, Artur"]
[Black "Drygalov, Andrey"]
[Result "1-0"]
[WhiteElo "2453"]
[BlackElo "2481"]
[Annotator "TA"]
[PlyCount "73"]
[EventDate "2019.04.20"]
[EventType "tourn"]
[EventCountry "RUS"]
[SourceTitle "playchess.com"]
[Source "ChessBase"]
[SourceQuality "1"]

{[%evp 26,75,-39,-35,-37,-42,-39,-48,-33,-68,-59,-69,-32,-39,-13,-41,-63,-66,12,14,21,14,6,15,61,45,75,71,98,83,116,103,129,10,16,15,15,13,64,14,429,427,410,185,690,687,779,768,29991,29983,29982,29979]} 1. Nf3 c5 2. c4 Nc6 3. Nc3 e5 4. g3 g6 5. Bg2 Bg7 6. d3 d6 7. O-O Nge7 8. a3 O-O 9. Rb1 a5 10. Ne1 Be6 11. Nc2 d5 12. cxd5 Nxd5 13. Ne3 Nde7 14. Nc4 Rb8 {A37: Symmetrical English vs ...g6: 4 Bg2 Bg7 5 Nf3} (14... h6 15. Be3 b6 16. Qa4 Bd7 17. Qd1 Rb8 18. f4 Nf5 19. Bd2 b5 20. Nxe5 Nxe5 21. fxe5 Bxe5 22. Kh1 {½-½ (58) Radjabov,T (2713)-Grischuk,A (2783) Beijing 2013}) 15. a4 b6 16. b3 Qd7 {Black is slightly better.} 17. Re1 $146 ({Predecessor:} 17. Bb2 Bh3 18. Ne4 Bxg2 19. Kxg2 f5 20. Ng5 h6 21. Nf3 Qe6 {0-1 (49) Algars,O (1980)-Watzka,H (2165) Hersonissos 2017}) 17... f5 18. Bb2 h6 19. Nb5 g5 20. Qc1 f4 21. Be4 Nd4 (21... Bd5 $15) 22. e3 $1 $11 {[%cal Re3d4]} fxe3 23. fxe3 Nxb5 24. axb5 Qc7 25. Qc2 Bd7 26. d4 Bxb5 {[%cal Re5d4]} 27. Nxe5 Rbc8 {[#]} 28. Rbc1 $1 Qd6 {With the idea ...cxd4.} 29. Qg2 (29. Nc4 $16 Qb8 30. d5 Bxb2 31. Qxb2 Bxc4 32. bxc4) 29... cxd4 30. exd4 Rxc1 31. Rxc1 Kh8 ({Black should play} 31... Ba6 $11) 32. Bb1 Bxe5 $4 {[%mdl 8192]} (32... Bd7 $1 $11 {and Black is okay.}) 33. dxe5 $18 Qe6 34. Qc2 $40 {[%mdl 128] White goes for the king.} (34. Qe4 $142 {[%csl Gb1][%cal Re4h7]} Rf7 35. Rd1) 34... Rf7 $2 (34... Qf5 35. Qxf5 Nxf5) 35. Rd1 {And now Rd8+ would win.} Nd5 36. Qg6 Nf6 37. Rd8+ {Played: Qg6xh6} 1-0

[Event "RUS-ch U21 2019"]
[Site "Loo"]
[Date "2019.04.20"]
[Round "1.3"]
[White "Ofitserian, Boris"]
[Black "Triapishko, Alexandr"]
[Result "0-1"]
[WhiteElo "2409"]
[BlackElo "2506"]
[Annotator "TA"]
[PlyCount "64"]
[EventDate "2019.04.20"]
[EventType "tourn"]
[EventCountry "RUS"]
[SourceTitle "playchess.com"]
[Source "ChessBase"]
[SourceQuality "1"]

{[%evp 9,83,-25,-11,-33,-28,-44,-33,-81,-72,-85,-81,-124,-115,-111,-114,-106,-89,-80,-41,-36,-36,-37,-33,-34,-27,-67,-66,-62,-62,-50,-71,-53,-67,-69,-41,-115,-43,-132,0,0,0,-14,0,-139,-170,-203,-2,0,-20,-108,0,-202,-83,-426,-12,-645,-667,-608,-546,-1030,-950,-1545,-703,-1025,-1010,-1202,-1187,-1104,-639,-1140,-1085,-5710,-3693,-29987,-29988,-29999]} 1. Nf3 d5 2. c4 d4 3. b4 g5 (3... Bg4 4. Qb3 Bxf3 5. Qxf3 c6 6. g3 e5 7. b5 Nf6 8. Bg2 Be7 9. d3 O-O 10. O-O a6 11. Nd2 Qc7 12. bxc6 Nxc6 {1-0 (41) Duda,J (2731)-Laznicka,V (2670) Prague 2019}) 4. Bb2 Bg7 5. d3 g4 6. Nfd2 {A09: Réti Opening: 1 Nf3 d5 2 c4} e5 7. Nb3 $146 ({Predecessor:} 7. g3 Ne7 8. Bg2 c6 9. Nb3 h5 10. N1d2 h4 {1-0 (54) Bautista Sanchez,J (2176)-Povill Claros,X (2116) Barcelona 2016}) 7... Ne7 8. N1d2 {Black is slightly better.} b6 9. a4 O-O 10. Qc2 Bb7 11. Ba3 Nd7 12. Rg1 a5 13. bxa5 bxa5 14. g3 Re8 15. h3 h5 16. hxg4 hxg4 17. Bg2 Bxg2 18. Rxg2 Nc6 19. Rh2 Rb8 20. Rh4 f5 21. Kf1 Nf6 22. Kg2 (22. Nc5 $1 $15) 22... Nb4 ({Better is} 22... e4 $17 23. dxe4 fxe4) 23. Qc1 (23. Qd1 $15) 23... c6 (23... e4 $1 $17 {[%cal Re4d3]} 24. Nxa5 exd3 25. exd3 Nxd3) 24. Nc5 $11 e4 25. Ndb3 e3 26. f3 (26. Bb2 $1 $11) 26... gxf3+ $17 27. Kxf3 Ng4 $2 (27... Nd7 $1 $19 28. Nxd7 Qxd7) 28. Bxb4 $1 $11 Rxb4 ({Don't play} 28... axb4 29. a5 $15) 29. Kg2 (29. Rh5 $11 {keeps the balance.}) 29... Nf2 (29... Qd6 $17 30. Qh1 Qg6) 30. Rf4 $2 (30. Qg1 $1 $11) 30... Qf6 $36 {[%mdl 2048] White is under strong pressure.} (30... Qd6 $19 {Hoping for ...Qg6.} 31. Qg1 Be5 32. Rxf5 Qg6 {[%mdl 64] Double Attack}) 31. Nxa5 $2 {[%mdl 8192]} (31. Qg1 $17 {is more resistant.}) 31... Qh6 $2 ({Black should play} 31... Qg6 $19 {White must now prevent ...Be5.} 32. Qg1 Rb2) 32. Rh4 $4 {[%mdl 8192]} (32. Rxf2 $11 exf2 33. Qxh6 Bxh6 34. Nxc6 {[%mdl 64] Double Attack}) 32... Qg5 {Played: Qh6-g6} 0-1

[Event "RUS-ch U21 2019"]
[Site "Loo"]
[Date "2019.04.20"]
[Round "1.4"]
[White "Drygalov, Sergey"]
[Black "Yeletsky, Ivan"]
[Result "1/2-1/2"]
[WhiteElo "2485"]
[BlackElo "2409"]
[Annotator "TA"]
[PlyCount "81"]
[EventDate "2019.04.20"]
[EventType "tourn"]
[EventCountry "RUS"]
[SourceTitle "playchess.com"]
[Source "ChessBase"]
[SourceQuality "1"]

{[%evp 14,81,45,25,33,16,35,49,41,51,41,35,27,42,53,45,59,51,54,39,43,47,41,46,45,45,43,42,53,37,33,0,0,0,0,0,0,0,0,0,0,0,0,0,0,0,0,0,0,0,0,0,0,0,0,0,0,0,0,0,0,0,0,0,0,0,0,0,0,0]} 1. d4 Nf6 2. c4 g6 3. Nc3 d5 4. Nf3 Bg7 5. Qb3 dxc4 6. Qxc4 O-O 7. e4 Nc6 8. Be2 e5 {[%cal Re5d4] D97: Grünfeld: Russian System: 7 e4, replies other than 7...Bg4} 9. d5 Nd4 10. Nxd4 exd4 {White is slightly better.} 11. Qxd4 c6 12. Qc4 b5 13. Qxc6 Bd7 14. Qd6 {Threatens to win with 0-0.} Re8 15. Bg5 b4 (15... Rb8 16. a3 {½-½ (31) Giri,A (2783)-Mamedyarov,S (2817) Wijk aan Zee 2019}) 16. Qxb4 Nxd5 17. Nxd5 Qxg5 {[#]} 18. O-O $146 Rab8 19. Qd6 Bh3 {[%csl Gh3][%cal Rg5g2] [#]} 20. Nf4 Bg4 21. Bxg4 {And now Bd7 would win.} Be5 22. Qd1 {Hoping for Nd5.} (22. Qd7 {seems wilder.} Qxf4 23. g3 Qf6 24. Rab1 Bd4 25. Qc7) 22... Qxf4 {[%csl Ge5][%cal Rf4h2] The position is equal.} 23. g3 Qxe4 24. Bf3 Qf5 25. Bg4 Qf6 26. Rb1 Rxb2 27. Rxb2 Bxb2 28. Re1 Rd8 (28... Rxe1+ {is interesting.} 29. Qxe1 h5 30. Bd1 h4 31. Qe3 Kg7) 29. Qf3 h5 30. Qxf6 Bxf6 $11 {[%mdl 4096] Endgame KRB-KRB} 31. Bf3 Rd2 32. Re2 Rxe2 33. Bxe2 {KB-KB} Bd4 34. Bc4 Kg7 35. h4 Bb6 36. Kg2 Bc5 37. Bb3 Bb6 38. Bc4 Bc5 39. Bb3 Bb6 40. Bc4 Bc5 41. Bb3 {Accuracy: White = 90%, Black = 85%.} 1/2-1/2

[Event "RUS-ch U21 2019"]
[Site "Loo"]
[Date "2019.04.20"]
[Round "1.5"]
[White "Galaktionov, Artem"]
[Black "Khanin, Semen"]
[Result "1-0"]
[WhiteElo "2332"]
[BlackElo "2524"]
[Annotator "TA"]
[PlyCount "171"]
[EventDate "2019.04.20"]
[EventType "tourn"]
[EventCountry "RUS"]
[SourceTitle "playchess.com"]
[Source "ChessBase"]
[SourceQuality "1"]

{[%evp 9,171,30,22,19,30,30,30,31,37,30,34,36,39,22,25,-23,-23,-16,-14,-39,0,0,31,31,21,37,34,25,33,33,26,22,20,18,7,8,98,108,73,51,47,46,73,75,112,119,196,197,304,295,303,276,302,302,291,265,312,295,266,244,366,256,256,256,256,256,480,486,412,352,427,424,423,326,422,421,425,414,421,392,382,389,374,365,382,382,341,308,385,372,416,415,348,367,400,355,376,391,390,297,297,257,376,376,499,382,553,553,552,550,552,538,520,512,479,453,613,875,824,844,800,787,1001,857,521,833,767,573,595,602,3879,1441,29960,29953,29971,29972,29972,29968,29971,29972,29973,29973,29973,29974,29973,29975,29974,29975,29976,29975,29975,29975,29974,29975,29978,606,29977,29979,29982,29983,29983,29982,29982,29983]} 1. d4 Nf6 2. Nf3 e6 3. c4 d5 4. Nc3 a6 5. cxd5 exd5 6. Bg5 {D37: Queen's Gambit Declined: 5 Bf4} Be6 7. e3 Nbd7 8. Bd3 {White has an edge.} Bd6 (8... h6 9. Bf4 g5 10. Bg3 Nh5 11. Be5 Nhf6 12. Bg3 Nh5 13. Ne2 Nxg3 14. Nxg3 {1-0 (61) Leko,P (2679)-Caruana,F (2832) Germany 2019}) 9. O-O O-O 10. h3 c6 11. Rc1 Qb8 $146 ({Predecessor:} 11... Qc7 12. Ne2 Ne4 13. Bf4 f5 {1-0 (52) Korobov,A (2698)-Bosiocic,M (2599) St Petersburg 2018}) 12. Na4 Ne4 13. Bh4 h6 14. Ne1 g5 15. f3 Ng3 (15... f5 $5 {[%cal Rg5h4]} 16. fxe4 fxe4 $11) 16. Bxg3 $1 Bxg3 17. Bb1 f5 18. Nd3 Bh2+ 19. Kh1 {Black must now prevent Ndc5.} Bd6 20. f4 Qe8 21. Ne5 Rd8 22. Qf3 Nxe5 (22... Kh8 $11 {remains equal.}) 23. fxe5 $16 Be7 24. Nc5 Bxc5 25. Rxc5 Rd7 26. Rc2 Rg7 27. Rcf2 h5 (27... g4 $16 28. Qg3 Rg5) 28. Qe2 $18 Qg6 {[#]} (28... g4 $142 29. Bxf5 Rxf5 30. Rxf5 Bxf5 31. Rxf5 gxh3) 29. g4 $1 {[%cal Rg4f5][%mdl 512]} hxg4 (29... fxg4 30. Rxf8+) 30. hxg4 Rh7+ 31. Rh2 Rxh2+ 32. Qxh2 Kg7 {...Rh8 is the strong threat.} 33. Kg1 Rh8 34. Qg2 {[%cal Rg4f5]} Rh4 (34... Bc8 $142 35. Bxf5 (35. gxf5 Qh5 $16) 35... Bxf5 36. Rxf5 (36. gxf5 Qh5 $16) 36... Qh6) 35. Bxf5 ({Less strong is} 35. gxf5 Qh5 $16) 35... Qh6 36. Bxe6 Qxe6 {[%mdl 4096] Endgame KQR-KQR} 37. Rf5 Qg6 $2 (37... Qe7 {was called for.} 38. Qf3 Rh6) 38. Qf3 Rh8 39. e6 {Strongly threatening Rf7+.} Re8 40. Rf7+ Kg8 41. Qf5 Rxe6 42. Qxg6+ Rxg6 43. Rxb7 {KR-KR} Re6 44. Kf2 Rf6+ 45. Ke2 Rh6 46. Rb6 a5 {[#]} 47. a4 $1 Kf7 48. b3 Ke7 49. Ra6 Kd6 50. Rxa5 Rh2+ 51. Kf3 Rh3+ {[#]} 52. Kf2 $1 Rh2+ 53. Kg3 Rb2 54. Ra7 Rxb3 55. Kf2 Rb2+ (55... Ra3 $142 56. Ra8 Kc7 57. Ra7+ Kd6) 56. Kf3 Ra2 57. a5 Ke6 (57... Ra3 {was necessary.} 58. Ra8 Ra1) 58. Rc7 Kd6 59. Rg7 Rxa5 60. Rg6+ Kd7 61. Rxg5 Ra1 62. Rg7+ Ke6 63. Rg6+ Kd7 64. g5 Rc1 65. Kf4 Ke7 66. Rf6 Rf1+ 67. Ke5 Rg1 68. Kf5 Rf1+ {[#]} 69. Kg6 $1 Rc1 70. Kg7 (70. Rf7+ $142 Ke6 71. Rf5) 70... c5 71. dxc5 Rxc5 72. g6 Rc1 73. Rf5 Ke6 74. Rg5 Rh1 75. Rg3 Ke7 76. Kg8 Rh2 77. g7 Rh5 78. Rf3 Ke8 79. Rf6 Ke7 80. Rg6 Rh1 81. Rg5 Rh3 82. Re5+ (82. Rxd5 $142 Rxe3 83. Rh5 Rg3 84. Kh8 Kf7 85. Rh7 Rxg7 86. Rxg7+ Kf6 87. Rg1) 82... Kf6 83. Rxd5 {White mates.} Rxe3 84. Kf8 Ra3 85. Rd6+ Ke5 86. Rd8 {[%mdl 64] Decoy. Accuracy: White = 86%, Black = 51%.} 1-0

[Event "RUS-ch U21 2019"]
[Site "Loo"]
[Date "2019.04.21"]
[Round "2.1"]
[White "Murzin, Volodar"]
[Black "Khanin, Semen"]
[Result "0-1"]
[WhiteElo "2407"]
[BlackElo "2524"]
[Annotator "ChessBase"]
[PlyCount "120"]
[EventDate "2019.04.20"]
[EventType "tourn"]
[EventCountry "RUS"]
[SourceTitle "playchess.com"]
[Source "ChessBase"]
[SourceQuality "1"]
[TimeControl "40/5400+30:1800+30"]

1. e4 {[%emt 0:00:00]} e5 {[%emt 0:00:00]} 2. Nf3 {[%emt 0:00:07]} Nc6 {[%emt 0:00:00]} 3. Bc4 {[%emt 0:00:08]} Bc5 {[%emt 0:00:00]} 4. O-O {[%emt 0:00:14]} Nf6 {[%emt 0:00:00]} 5. d3 {[%emt 0:00:08]} d6 {[%emt 0:00:00]} 6. c3 {[%emt 0:00:19]} a6 {[%emt 0:00:00]} 7. a4 {[%emt 0:00:06]} Ba7 {[%emt 0:00:01]} 8. Re1 {[%emt 0:01:07]} O-O {[%emt 0:00:08]} 9. h3 {[%emt 0:00:13]} Ne7 {[%emt 0:00:06]} 10. d4 {[%emt 0:00:44]} Ng6 {[%emt 0:00:42]} 11. Nbd2 {[%emt 0:00:21]} h6 {[%emt 0:08:06]} 12. Bf1 {[%emt 0:11:00]} Re8 {[%emt 0:02:57]} 13. Qc2 {[%emt 0:00:32]} Nh7 {[%emt 0:16:46]} 14. dxe5 {[%emt 0:05:26]} dxe5 {[%emt 0:01:08]} 15. Nc4 {[%emt 0:01:44]} Qf6 {[%emt 0:02:45]} 16. Ne3 {[%emt 0:05:21]} Nf4 {[%emt 0:13:02]} 17. Nf5 {[%emt 0:07:28]} g6 {[%emt 0:09:16]} 18. Bxf4 {[%emt 0:09:40]} exf4 {[%emt 0:10:09]} 19. N5d4 {[%emt 0:12:25]} Ng5 {[%emt 0:00:35]} 20. e5 {[%emt 0:02:16]} Nxf3+ {[%emt 0:08:14]} 21. Nxf3 {[%emt 0:00:21]} Qc6 {[%emt 0:00:37]} 22. Bd3 {[%emt 0:03:33]} Kg7 {[%emt 0:08:45]} 23. Be4 {[%emt 0:03:50]} Qc5 {[%emt 0:00:06]} 24. b4 {[%emt 0:03:44]} Qe7 {[%emt 0:00:25]} 25. Rad1 {[%emt 0:02:54]} c6 {[%emt 0:02:32]} 26. b5 {[%emt 0:07:50]} cxb5 {[%emt 0:01:36]} 27. axb5 {[%emt 0:00:03]} axb5 {[%emt 0:01:19]} 28. Qb2 {[%emt 0:02:31]} Bc5 {[%emt 0:04:00]} 29. Bd5 {[%emt 0:04:39]} Ra6 {[%emt 0:02:09]} 30. Qxb5 {[%emt 0:02:04]} Rb6 {[%emt 0:00:06]} 31. Qc4 {[%emt 0:02:14]} Rb2 {[%emt 0:00:06]} 32. Rd2 {[%emt 0:01:19]} Rxd2 {[%emt 0:00:51]} 33. Nxd2 {[%emt 0:00:03]} Rd8 {[%emt 0:02:57]} 34. Nb3 {[%emt 0:08:57]} b5 {[%emt 0:00:19]} 35. Qe4 {[%emt 0:00:43]} Bf5 {[%emt 0:02:46]} 36. Qf3 {[%emt 0:00:05]} Bb6 {[%emt 0:00:18]} 37. Nd4 {[%emt 0:02:24]} Bxd4 {[%emt 0:00:42]} 38. cxd4 {[%emt 0:00:01]} Qb4 {[%emt 0:00:40]} 39. Rd1 {[%emt 0:01:00]} Bc2 {[%emt 0:00:10]} 40. Rf1 {[%emt 0:00:00]} Qxd4 {[%emt 0:00:00]} 41. Ba2 {[%emt 0:02:10]} Qxe5 {[%emt 0:04:32]} 42. Qb7 {[%emt 0:00:28]} Qf5 {[%emt 0:00:47]} 43. Re1 {[%emt 0:02:09]} Rd1 {[%emt 0:01:40]} 44. Rxd1 {[%emt 0:00:09]} Bxd1 {[%emt 0:00:05]} 45. Qa7 {[%emt 0:00:40]} Be2 {[%emt 0:03:51]} 46. f3 {[%emt 0:00:54]} Qf6 {[%emt 0:00:50]} 47. Kh2 {[%emt 0:00:00]} Bc4 {[%emt 0:00:05]} 48. Bxc4 {[%emt 0:00:00]} bxc4 {[%emt 0:00:53]} 49. Qc5 {[%emt 0:00:29]} Qc3 {[%emt 0:02:38]} 50. Qd5 g5 51. h4 {[%emt 0:01:14]} g4 {[%emt 0:06:04]} 52. fxg4 {[%emt 0:02:57]} Qg3+ {[%emt 0:00:04]} 53. Kh1 {[%emt 0:00:05]} Qxh4+ {[%emt 0:00:08]} 54. Kg1 {[%emt 0:00:01]} c3 {[%emt 0:00:39]} 55. Qe5+ {[%emt 0:00:27]} Qf6 {[%emt 0:00:05]} 56. Qc5 {[%emt 0:00:05]} f3 {[%emt 0:01:40]} 57. gxf3 {[%emt 0:00:31]} Qxf3 {[%emt 0:00:05]} 58. Kh2 {[%emt 0:00:17]} Qe2+ {[%emt 0:01:46]} 59. Kg3 {[%emt 0:00:50]} Qd3+ {[%emt 0:01:43]} 60. Kh4 {[%emt 0:00:16]} c2 {[%emt 0:00:15]} 0-1

[Event "RUS-ch U21 2019"]
[Site "Loo"]
[Date "2019.04.21"]
[Round "2.2"]
[White "Yeletsky, Ivan"]
[Black "Galaktionov, Artem"]
[Result "1-0"]
[WhiteElo "2409"]
[BlackElo "2332"]
[Annotator "NA"]
[PlyCount "59"]
[EventDate "2019.04.20"]
[EventType "tourn"]
[EventCountry "RUS"]
[SourceTitle "playchess.com"]
[Source "ChessBase"]
[SourceQuality "1"]
[TimeControl "40/5400+30:1800+30"]

1. e4 {[%emt 0:00:00]} c6 {[%emt 0:00:00]} 2. d4 {[%emt 0:00:00]} d5 {[%emt 0:00:00]} 3. e5 {[%emt 0:00:00]} Bf5 {[%emt 0:00:00]} 4. Nf3 {[%emt 0:00:06]} e6 {[%emt 0:00:00]} 5. Be2 {[%emt 0:00:08]} Ne7 {[%emt 0:00:38]} 6. O-O {[%emt 0:00:12]} Nd7 {[%emt 0:00:06]} 7. Nbd2 {[%emt 0:00:13]} Bg6 {[%emt 0:01:58]} 8. Nb3 {[%emt 0:05:50]} Nf5 {[%emt 0:01:26]} 9. Bd2 {[%emt 0:00:28]} Be7 {[%emt 0:00:27]} 10. Rc1 {[%emt 0:07:55]} O-O {[%emt 0:13:16]} 11. g4 {[%emt 0:09:32]} Nh4 {[%emt 0:01:16]} 12. Nxh4 {[%emt 0:00:13]} Bxh4 {[%emt 0:00:01]} 13. f4 {[%emt 0:00:15]} f5 {[%emt 0:07:11]} 14. g5 {[%emt 0:02:07]} h6 {[%emt 0:00:18]} 15. gxh6 {[%emt 0:01:12]} gxh6 {[%emt 0:00:04]} 16. Ba5 {[%emt 0:09:41]} Qe8 {[%emt 0:03:02]} 17. Rf3 {[%emt 0:12:08]} Kh7 {[%emt 0:04:32]} 18. Rh3 {[%emt 0:00:34]} Be7 19. Kh1 {[%emt 0:03:37]} Bf7 {[%emt 0:12:18]} 20. Nd2 {[%emt 0:11:05]} Rg8 {[%emt 0:05:13]} 21. Nf3 {[%emt 0:02:24]} Rg4 {[%emt 0:21:56]} 22. Ng5+ {[%emt 0:03:35]} Bxg5 {[%emt 0:01:07]} 23. fxg5 {[%emt 0:00:32]} Rxg5 {[%emt 0:01:11]} 24. Bd2 {[%emt 0:02:08]} Rg6 {[%emt 0:01:21]} 25. Bh5 {[%emt 0:03:52]} Rg7 {[%emt 0:00:28]} 26. Bxh6 {[%emt 0:00:58]} Bxh5 {[%emt 0:09:46]} 27. Bxg7 {[%emt 0:00:12]} Kxg7 {[%emt 0:00:05]} 28. Rxh5 {[%emt 0:00:24]} Nf8 {[%emt 0:01:56]} 29. Rg5+ {[%emt 0:02:31]} Kf7 {[%emt 0:00:20]} 30. Qh5+ {[%emt 0:00:14]} 1-0

[Event "RUS-ch U21 2019"]
[Site "Loo"]
[Date "2019.04.21"]
[Round "2.3"]
[White "Triapishko, Alexandr"]
[Black "Drygalov, Sergey"]
[Result "1/2-1/2"]
[WhiteElo "2506"]
[BlackElo "2485"]
[Annotator "RC"]
[PlyCount "130"]
[EventDate "2019.04.20"]
[EventType "tourn"]
[EventCountry "RUS"]
[SourceTitle "playchess.com"]
[Source "ChessBase"]
[SourceQuality "1"]
[TimeControl "40/5400+30:1800+30"]

1. c4 {[%emt 0:00:01]} e5 {[%emt 0:00:21]} 2. Nc3 {[%emt 0:00:27]} Nf6 {[%emt 0:02:28]} 3. g3 {[%emt 0:00:20]} Bb4 {[%emt 0:00:09]} 4. Bg2 {[%emt 0:17:34]} O-O {[%emt 0:00:58]} 5. Nf3 {[%emt 0:04:33]} Nc6 {[%emt 0:00:06]} 6. O-O {[%emt 0:04:02]} d6 {[%emt 0:00:06]} 7. d3 {[%emt 0:02:33]} h6 {[%emt 0:00:07]} 8. Na4 {[%emt 0:08:22]} Bc5 {[%emt 0:15:10]} 9. b3 {[%emt 0:15:06]} Qe7 {[%emt 0:04:06]} 10. Bb2 {[%emt 0:01:26]} a5 {[%emt 0:06:39]} 11. e3 {[%emt 0:09:02]} Ba7 {[%emt 0:02:01]} 12. Nc3 {[%emt 0:04:19]} Bf5 {[%emt 0:03:34]} 13. a3 {[%emt 0:06:28]} Qd7 {[%emt 0:14:13]} 14. d4 {[%emt 0:05:36]} exd4 {[%emt 0:02:25]} 15. Nd5 {[%emt 0:07:44]} Nxd5 {[%emt 0:10:30]} 16. cxd5 {[%emt 0:00:04]} Ne5 {[%emt 0:06:09]} 17. Bxd4 {[%emt 0:01:35]} Bg4 {[%emt 0:11:55]} 18. Bxa7 {[%emt 0:01:26]} Bxf3 {[%emt 0:02:45]} 19. Bxf3 {[%emt 0:00:05]} Rxa7 {[%emt 0:00:24]} 20. Bg2 {[%emt 0:02:56]} c5 {[%emt 0:01:26]} 21. dxc6 {[%emt 0:02:06]} bxc6 {[%emt 0:00:09]} 22. Rc1 {[%emt 0:01:12]} d5 {[%emt 0:01:50]} 23. Qd4 {[%emt 0:01:59]} Re8 {[%emt 0:01:02]} 24. Rc5 {[%emt 0:01:30]} Qe7 {[%emt 0:09:34]} 25. Qc3 {[%emt 0:00:48]} Rb8 {[%emt 0:02:07]} 26. e4 {[%emt 0:00:40]} Nd7 {[%emt 0:00:11]} 27. Rxc6 {[%emt 0:00:29]} dxe4 {[%emt 0:00:31]} 28. Rc8+ {[%emt 0:01:00]} Rxc8 {[%emt 0:00:24]} 29. Qxc8+ {[%emt 0:00:01]} Nf8 {[%emt 0:00:20]} 30. a4 {[%emt 0:01:01]} e3 {[%emt 0:00:12]} 31. fxe3 {[%emt 0:00:30]} Qxe3+ {[%emt 0:00:02]} 32. Kh1 {[%emt 0:00:04]} Qxb3 {[%emt 0:01:52]} 33. Qc5 {[%emt 0:00:06]} Qb8 {[%emt 0:00:10]} 34. Rc1 {[%emt 0:01:16]} Ne6 {[%emt 0:01:50]} 35. Qb5 {[%emt 0:00:32]} Qd8 {[%emt 0:00:56]} 36. Bb7 {[%emt 0:00:31]} Qe7 {[%emt 0:00:11]} 37. Bd5 {[%emt 0:00:33]} Nf8 {[%emt 0:00:48]} 38. Rf1 {[%emt 0:00:27]} Qd6 {[%emt 0:00:19]} 39. Qc4 {[%emt 0:00:28]} Ne6 {[%emt 0:00:18]} 40. Qc8+ {[%emt 0:00:00]} Kh7 {[%emt 0:00:00]} 41. Rd1 {[%emt 0:21:37]} g6 {[%emt 0:01:44]} 42. Qc3 {[%emt 0:05:37]} Ng7 {[%emt 0:08:35]} 43. Bf3 {[%emt 0:01:43]} Qb6 {[%emt 0:00:17]} 44. Qd4 {[%emt 0:00:58]} Qa6 {[%emt 0:02:22]} 45. Qd6 {[%emt 0:01:27]} Qc8 {[%emt 0:04:01]} 46. Qb6 {[%emt 0:00:43]} Qc3 {[%emt 0:01:19]} 47. Bb7 {[%emt 0:01:02]} Qc2 {[%emt 0:04:26]} 48. Rf1 {[%emt 0:00:54]} Rxb7 {[%emt 0:01:37]} 49. Qxb7 {[%emt 0:00:03]} Qxa4 {[%emt 0:00:03]} 50. Qxf7 {[%emt 0:00:42]} Qd4 {[%emt 0:00:23]} 51. Qf4 {[%emt 0:00:40]} Qd5+ {[%emt 0:00:14]} 52. Qf3 {[%emt 0:00:08]} Qe5 {[%emt 0:00:04]} 53. Kg2 {[%emt 0:01:25]} h5 {[%emt 0:00:41]} 54. Qf4 {[%emt 0:00:10]} Qd5+ {[%emt 0:00:04]} 55. Qf3 {[%emt 0:00:03]} Qe5 {[%emt 0:00:04]} 56. Rf2 {[%emt 0:00:53]} Nf5 {[%emt 0:01:08]} 57. Re2 {[%emt 0:00:19]} Qb5 {[%emt 0:00:16]} 58. Rc2 {[%emt 0:00:57]} Qe5 {[%emt 0:00:13]} 59. Re2 {[%emt 0:00:39]} Qb5 {[%emt 0:00:01]} 60. Re6 {[%emt 0:00:34]} Qb2+ {[%emt 0:00:17]} 61. Qe2 {[%emt 0:00:26]} Qc3 {[%emt 0:02:00]} 62. Re4 {[%emt 0:00:36]} Qc6 {[%emt 0:00:05]} 63. Kh3 {[%emt 0:00:26]} Qd7 {[%emt 0:01:36]} 64. Kg2 {[%emt 0:00:24]} Qc6 {[%emt 0:00:23]} 65. Qf3 {[%emt 0:00:36]} a4 1/2-1/2